000 00463pab a2200181 454500
008 180718b1970 xxu||||| |||| 00| 0 eng d
100 _aBhambhri, C.P.
245 _aIndian federalism and the Indian administrative service
260 _c1970
300 _ap.321-332.
362 _aJul-Sep
650 _aIAS
650 _aFederalism - India
650 _aFederalism
773 _aIndian Journal of Public Administration
908 _aN
909 _a100038
999 _c100037
_d100037